[Event "XXX Torre Memorial 2018"]
[Site "Merida"]
[Date "2018.12.16"]
[Round "4"]
[White "Cuenca Jimenez, Jose Fernando"]
[Black "Rios, Cristhian Camilo"]
[Result "0-1"]
[WhiteElo "2513"]
[BlackElo "2467"]
[Annotator "TA"]
[PlyCount "82"]
[EventDate "2018.12.15"]
[EventType "swiss"]
[EventCountry "MEX"]
[SourceTitle "playchess.com"]
[Source "ChessBase"]
[SourceQuality "1"]

{[%evp 22,82,32,20,0,0,0,0,0,0,0,0,0,0,0,0,0,0,0,0,0,-34,-24,-18,-14,-14,-31,-50,-52,-60,-54,-71,-58,-43,-70,-121,-99,-360,-178,-162,-163,-155,-173,-178,-177,-166,-169,-171,-157,-293,-293,-300,-300,-299,-295,-270,-264,-257,-256,-263,-264,-256,-257]} 1. d4 d5 2. c4 e6 3. Nf3 Nf6 4. Nc3 Bb4 5. Qa4+ Nc6 6. e3 O-O 7. Bd2 Re8 {D38: Queen's Gambit Declined: Ragozin Defence (4 Nf3 Bb4)} (7... dxc4 8. Bxc4 Bd6 9. e4 e5 10. dxe5 Nxe5 11. Nxe5 Bxe5 12. O-O-O Qe8 13. Qxe8 Rxe8 14. f3 Be6 15. Bxe6 Rxe6 {½-½ (67) Navara,D (2727)-Harikrishna,P (2732) Prague 2018}) 8. Rd1 a6 9. Qc2 Bd6 10. a3 h6 11. h3 dxc4 12. Bxc4 {LiveBook: 5 Games} e5 13. d5 Ne7 14. O-O b5 $146 ({Predecessor:} 14... Bf5 15. e4 Bd7 {½-½ (55) Oms Pallisse,J (2481)-Baron Rodriguez,J (2437) Lorca 2005}) 15. Ba2 Ng6 16. e4 Nh5 17. Ne2 Qf6 18. Qd3 a5 19. Rc1 Bd7 20. Rfe1 Reb8 21. Kh2 Nhf4 22. Nxf4 Nxf4 23. Bxf4 Qxf4+ 24. g3 Qf6 25. Kg2 b4 26. Nd2 bxa3 27. bxa3 Rb2 28. Rc2 {[#]} (28. Bb1 $15) 28... Bxa3 $1 $17 {[%mdl 512]} 29. Rxc7 $2 {[%mdl 8192]} (29. Ra1 $17 {was necessary.}) (29. Qxa3 Rxc2) 29... Bb5 (29... Rxa2 $142 30. Rxd7 Rc8) 30. Bc4 $19 Bd6 $36 {[%mdl 2048] Keeping White busy.} 31. Qc3 Rb4 ({Reject} 31... Bxc7 $6 32. Qxb2 Bd7 33. Be2 $11) 32. Rc6 Bxc6 33. dxc6 {[#]} Rb6 $1 {...Bb4 is the strong threat.} 34. Bd5 Bb4 35. Qe3 (35. Qc2 $17 {was called for.}) 35... Rxc6 {Black has a decisive advantage.} 36. Bxc6 Qxc6 37. Re2 a4 {[%cal Ba5a4,Ba4a3][%mdl 32]} 38. Nf3 Qe6 {aiming for ...a3.} 39. Qd3 a3 40. Qb1 Qc4 41. Qa2 {[#]} Qxe2 $1 {[%mdl 512] Precision: White = 54%, Black = 85%.} 0-1

[Event "XXX Torre Memorial 2018"]
[Site "Merida"]
[Date "2018.12.16"]
[Round "4"]
[White "Berdayes Ason, Dylan Isidro"]
[Black "Baryshpolets, Andrey"]
[Result "0-1"]
[WhiteElo "2468"]
[BlackElo "2578"]
[Annotator "TA"]
[PlyCount "72"]
[EventDate "2018.12.15"]
[EventType "swiss"]
[EventCountry "MEX"]
[SourceTitle "playchess.com"]
[Source "ChessBase"]
[SourceQuality "1"]

{[%evp 20,72,0,0,0,0,0,0,0,0,0,0,10,26,10,12,72,-29,-29,-25,-29,-29,0,0,0,0,0,0,0,-77,0,0,0,0,0,0,0,-7,0,0,0,-7,36,-70,-70,-150,-150,-206,-199,-339,-339,-358,-365,-29997,-29998]} 1. e4 e6 2. d4 d5 3. Nd2 c5 4. exd5 Qxd5 5. Ngf3 cxd4 6. Bc4 Qd7 {C07: French Tarrasch: 3...c5, 4 Ngf3 and 4 exd5 Qxd5} (6... Qd6 7. O-O Nf6 8. Nb3 Nc6 9. Nbxd4 Nxd4 10. Nxd4 a6 11. Re1 Qc7 12. Bf1 Be7 13. Qf3 O-O 14. Bf4 Bd6 15. Bxd6 Qxd6 16. Rad1 Qc7 17. c4 Rb8 18. Qg3 Qxg3 19. hxg3 Bd7 {½-½ (61) Karjakin,S (2773)-Duda,J (2737) chess.com INT 2018}) 7. O-O Nc6 8. Nb3 Nf6 9. Qe2 a6 10. a4 Bd6 11. Rd1 {LiveBook: 32 Games} Qe7 12. Nbxd4 Nxd4 13. Rxd4 e5 14. Rxd6 Qxd6 15. b3 Be6 {Threatens to win with ...e4.} 16. Ba3 Bxc4 17. Qxc4 {[#]} Qd5 $146 (17... Qc6 $1 $11) 18. Qxd5 (18. Qc3 $1 $16 Nd7 19. Qe1) 18... Nxd5 $11 19. Nxe5 f6 20. Nc4 $1 Kd7 21. Rd1 Ke6 22. Re1+ Kd7 $1 23. Rd1 Ke6 24. Nd6 {[#]} (24. Re1+ $11 {keeps the balance.} Kd7 25. Rd1) 24... b6 ({Better is} 24... b5 $1 $17 {[%cal Rb5b4][%mdl 512] Strongly threatening ...b4.} 25. axb5 axb5 26. Nxb5 Rhb8 27. Nd4+ Kf7) 25. c4 Nc3 26. Re1+ Kd7 27. Kf1 {And now Rc1 would win.} b5 28. Nf5 $1 bxc4 ({Don't blunder} 28... bxa4 $2 29. Re7+ Kd8 30. Bb4 $18 (30. Rxg7 Rb8 $11) (30. Nxg7 axb3 31. Ne6+ Kc8 $11)) 29. Re7+ Kc6 30. bxc4 Rhe8 {Hoping for ...Rxe7.} 31. Nd4+ ({White should play} 31. Rxg7 $14 Rad8 32. g3) 31... Kb6 $15 32. a5+ (32. Rxg7 $15 Rac8 33. c5+ Ka5 34. Ra7) 32... Kxa5 $17 {aiming for ...Nb1.} 33. Rb7 (33. Rxg7 $17 Rac8 34. Nf5) 33... Ka4 $19 34. Bb4 (34. Bd6 {was the only defense.} Ne4 35. Rb4+ Ka3 36. Rb3+ Ka2 37. Bb4) 34... Ne4 35. Be1 Rab8 36. Ra7 $2 {[#]} (36. Rxb8 $19 Rxb8 37. Ne6) 36... Nd2+ $1 {[%mdl 512] Precision: White = 49%, Black = 58%.} 0-1

[Event "XXX Torre Memorial 2018"]
[Site "Merida"]
[Date "2018.12.16"]
[Round "4"]
[White "Ordaz Valdes, Lisandra Teresa"]
[Black "Theodorou, Nikolas"]
[Result "0-1"]
[WhiteElo "2397"]
[BlackElo "2546"]
[Annotator "TA"]
[PlyCount "82"]
[EventDate "2018.12.15"]
[EventType "swiss"]
[EventCountry "MEX"]
[SourceTitle "playchess.com"]
[Source "ChessBase"]
[SourceQuality "1"]

{[%evp 12,82,41,25,35,6,6,0,0,10,1,8,9,0,0,0,0,-11,-6,-31,-13,-45,14,0,0,0,0,0,10,14,15,0,0,6,18,0,0,-16,-8,-35,-3,-6,0,0,-4,-81,0,-84,-81,-228,-129,-123,-115,-193,-205,-330,-346,-285,-200,-195,-196,-393,-393,-381,-393,-393,-393,-393,-368,-567,-567,-597,-462]} 1. d4 Nf6 2. c4 g6 3. Nc3 Bg7 4. e4 d6 5. Be2 O-O 6. Bg5 c6 7. Qd2 {LiveBook: 148 Games} d5 {E73: King's Indian: Averbakh Variation without 6...c5} 8. exd5 (8. f3 {looks sharper.} dxe4 9. fxe4 e5 10. d5 Na6 11. Nf3) 8... cxd5 9. Bxf6 Bxf6 {The position is equal.} 10. cxd5 Na6 $146 {[%cal Bb8a6,Ba6c7,Bc7d5][%mdl 32]} ({Predecessor:} 10... e6 11. dxe6 Bxe6 12. Rd1 Bf5 13. Nf3 Nc6 14. O-O Qa5 15. Qf4 {½-½ (49) Berczes,D (2557)-Jankovic,A (2584) Rome 2011}) 11. Bf3 Nc7 12. Nge2 Rb8 13. O-O b5 14. b4 Bb7 {[%cal Rc7d5]} 15. a4 Nxd5 16. Ne4 a5 (16... bxa4 $15 17. Rxa4 a6) 17. bxa5 b4 18. Nc5 Ba8 19. Rfd1 Re8 20. a6 Qa5 21. Qd3 Red8 22. Qc4 e6 23. Nb3 Qb6 24. a5 Qa7 25. Nc5 Be7 {[%mdl 1024] Black has compensation.} 26. Rdc1 Rdc8 27. Rab1 Bc6 28. Qa2 (28. Qb3 $11) 28... Rb5 ({Black should try} 28... Bxc5 $1 $17 29. dxc5 Rb5) 29. Nd3 (29. Be4 $11 {remains equal.}) 29... Qxa6 $17 30. Ne5 (30. Ra1 $17) 30... Bb7 (30... Rxa5 $19 31. Qxa5 Qxa5 32. Nxc6 Rxc6 $1 {[%mdl 512]} 33. Rxc6 Kg7 34. Bxd5 Qxd5) 31. Rxc8+ Bxc8 32. Qc4 (32. Nc4 $17) 32... Bb7 $19 33. Bxd5 (33. Qc1 $142) 33... Bxd5 34. Qc7 Qb7 35. Qxb7 Bxb7 36. Ra1 $2 (36. f3 {was necessary.}) 36... b3 {[%cal Bb4b3,Bb3b2][%mdl 32] aiming for ...b2.} 37. Nc3 b2 38. Rb1 Rb3 39. Nd1 {[#]} Ba3 $1 40. f3 (40. Nc4 $142 Be4 41. Nxa3 Rxa3 42. Rxb2) 40... Ba6 41. Kf2 Kg7 {Accuracy: White = 32%, Black = 65%.} 0-1

[Event "XXX Torre Memorial 2018"]
[Site "Merida"]
[Date "2018.12.16"]
[Round "4"]
[White "Ruiz Sanchez, Orlen"]
[Black "Espinosa Veloz, Ermes"]
[Result "1/2-1/2"]
[WhiteElo "2385"]
[BlackElo "2515"]
[Annotator "TA"]
[PlyCount "84"]
[EventDate "2018.12.15"]
[EventType "swiss"]
[EventCountry "MEX"]
[SourceTitle "playchess.com"]
[Source "ChessBase"]
[SourceQuality "1"]

{[%evp 22,84,25,27,31,13,15,15,33,16,14,10,6,8,15,9,12,12,5,0,0,0,8,0,0,0,16,0,0,0,13,13,16,0,0,-10,-8,0,-7,-18,0,0,0,-92,-79,-85,-82,-79,0,0,0,0,0,0,0,0,0,0,0,0,0,0,0,0,0]} 1. e4 c6 2. Nc3 d5 3. Nf3 Bg4 4. h3 Bxf3 5. Qxf3 e6 6. Be2 Nd7 7. O-O Ngf6 8. d4 {B11: Caro-Kann: Two Knights Variation} dxe4 9. Nxe4 Nxe4 10. Qxe4 Nf6 11. Qd3 Bd6 12. Rd1 {LiveBook: 3 Games} Qc7 13. c4 $146 ({Predecessor:} 13. Bd2 Bh2+ 14. Kh1 Bf4 15. Be1 O-O {1-0 (46) Vachier Lagrave,M (2804)-Riazantsev,A (2671) Doha 2016}) 13... Bh2+ 14. Kh1 Bf4 15. Bf3 O-O 16. Bd2 Bxd2 17. Rxd2 Rfd8 18. Rad1 Rd7 19. Qe3 Rad8 20. g4 g6 21. Kg2 a6 22. Qc3 Qf4 23. Qe3 Qc7 24. Qc3 Qf4 25. Qe3 g5 26. h4 h6 27. Qxf4 gxf4 28. Kh3 Kg7 29. b3 Kg6 30. Be2 Ne4 31. Bd3 f5 32. Bxe4 (32. gxf5+ $1 $11 {keeps the balance.} exf5 33. Bxe4 fxe4 34. d5 cxd5 35. Kg4) 32... fxe4 $11 {[%mdl 4096] Endgame KRR-KRR} 33. Re2 Rxd4 34. Rde1 Rd3+ (34... e5 $17 35. Rxe4 Rxe4 36. Rxe4 Kf6) 35. Kh2 {The position is equal.} Rd2 {...Rxe2 is the strong threat.} 36. Rxe4 {[%mdl 64] [#] Double Attack} Rxf2+ 37. Kg1 Rdd2 {Strongly threatening ...Rg2+.} 38. Rxe6+ Kf7 {And now ...Rg2+ would win.} 39. Re7+ {[%mdl 64] Double Attack} Kf8 {Black wants to play ...Rg2+.} 40. Re8+ Kf7 {White must now prevent ...Rg2+.} 41. R8e7+ Kf8 {With the idea ...Rg2+.} 42. Re8+ Kf7 {Accuracy: White = 62%, Black = 71%.} 1/2-1/2

[Event "XXX Torre Memorial 2018"]
[Site "Merida"]
[Date "2018.12.16"]
[Round "4"]
[White "Estrada Nieto, Julian"]
[Black "Ortiz Suarez, Isan Reynaldo"]
[Result "0-1"]
[WhiteElo "2251"]
[BlackElo "2514"]
[Annotator "TA"]
[PlyCount "94"]
[EventDate "2018.12.15"]
[EventType "swiss"]
[EventCountry "MEX"]
[SourceTitle "playchess.com"]
[Source "ChessBase"]
[SourceQuality "1"]

{[%evp 28,94,14,0,7,12,24,0,0,0,13,18,25,22,19,-22,14,21,35,25,32,30,118,109,97,34,26,27,36,17,72,77,100,0,0,0,0,0,2,0,0,-96,-56,-170,-158,-392,-365,-382,-390,-409,-403,-372,-212,-199,-166,-166,-166,-246,-186,-387,-384,-382,-374,-2000,-737,-29989,-29990,-29990,-29991]} 1. e4 e5 2. Nf3 Nc6 3. Bb5 a6 4. Ba4 Nf6 5. d3 b5 6. Bb3 Be7 7. O-O d6 8. a3 O-O 9. Nc3 Bg4 10. Be3 Nd4 {C84: Closed Ruy Lopez: Unusual White 6th moves} 11. Bxd4 exd4 12. Nd5 Nd7 (12... Nxd5 13. Bxd5 Rc8 14. a4 c6 15. Bb3 d5 16. h3 Bh5 17. axb5 axb5 18. exd5 {1-0 (47) Karjakin,S (2782)-Aronian,L (2764) Paris 2018}) 13. h3 Bxf3 14. Qxf3 c6 15. Nf4 {LiveBook: 25 Games} Nc5 16. Ba2 a5 17. Ne2 Bf6 {[#]} 18. Qg4 $146 ({Predecessor:} 18. e5 dxe5 19. Qxc6 {1-0 (37) Stevic,H (2615)-Brkic,A (2600) Gunja 2014}) 18... Kh8 19. f4 b4 20. Qf3 Qb6 21. e5 Be7 22. Kh1 b3 23. cxb3 {[%cal Bc2b3,Bb3b4][%mdl 32]} dxe5 24. fxe5 Rad8 (24... Nd7 $1 $11) 25. b4 $1 $16 {[%cal Rb4c5]} Nd7 26. Bxf7 (26. Qg3 $16) 26... Nxe5 $14 27. Qe4 Bf6 28. Bb3 axb4 (28... Ng6 $11 {remains equal.}) 29. a4 $16 Rde8 30. Qxd4 (30. a5 $16 Qa6 31. Nxd4) 30... c5 {[%cal Bc6c5,Bc5c4,Bc4d3,Bd3d2][%mdl 32]} 31. Qd5 {next Nf4 is good for White.} Rd8 32. Qe4 Nxd3 {[#] ...c4 is the strong threat.} 33. a5 Qa7 34. Bc2 (34. Nf4 $11 Rd4 35. Qxd3 Rxd3 {[%mdl 64] Discovered Attack} 36. Nxd3) 34... Rfe8 35. Qg4 {[#]} (35. Qf3 $15 c4 36. Rad1) 35... c4 $1 $19 {Strongly threatening ...Nf2+.} ({Much less strong is} 35... Bxb2 36. Rab1 $17) 36. Bxd3 $2 (36. Rxf6 $17 gxf6 37. Qxc4 Nxb2 38. Qf4) 36... cxd3 37. Nf4 d2 38. Rad1 Qxa5 39. Ne6 {Hoping for Rxf6.} Rd7 (39... h5 $142 40. Qc4 Rd6) 40. Ng5 Rde7 ({Inferior is} 40... Bxg5 41. Qxd7 Qe5 42. Rxd2 $11) 41. Nf3 Bxb2 42. Rxd2 (42. Nxd2 $142 Qc5 43. Qc4 Qxc4 44. Nxc4) 42... Bf6 43. Rd7 $2 (43. Rb1) 43... Qb5 44. Rfd1 Rxd7 45. Rxd7 $2 (45. Qxd7 Qxd7 46. Rxd7) 45... b3 (45... h5 $142 46. Qg6 Qxd7 47. Qxh5+ Kg8) 46. Nd4 Qf1+ 47. Kh2 Be5+ {Accuracy: White = 38%, Black = 42%.} 0-1

[Event "XXX Torre Memorial 2018"]
[Site "Merida"]
[Date "2018.12.16"]
[Round "5"]
[White "Cordova, Emilio"]
[Black "Miranda Mesa, Elier"]
[Result "1/2-1/2"]
[WhiteElo "2595"]
[BlackElo "2499"]
[Annotator "TA"]
[PlyCount "45"]
[EventDate "2018.12.15"]
[EventType "swiss"]
[EventCountry "MEX"]
[SourceTitle "playchess.com"]
[Source "ChessBase"]
[SourceQuality "1"]

{[%evp 10,45,-9,-21,10,0,0,0,4,1,16,10,9,5,13,6,4,15,2,0,25,3,13,0,0,-57,0,0,0,-38,-37,-17,0,0,0,-15,0,0]} 1. d4 d5 2. Nf3 Nf6 3. c4 c6 4. Nc3 dxc4 5. e4 b5 6. Be2 {LiveBook: 32 Games. D15: Slav Defence: 4 Nc3 a6 and gambit lines after 4 Nc3 dxc4} g6 (6... e6 7. O-O Be7 8. a4 b4 9. e5 bxc3 10. exf6 Bxf6 11. bxc3 Ba6 12. Ne5 Bxe5 13. dxe5 Qxd1 14. Rxd1 {1-0 (27) Adhiban,B (2650)-Rapport,R (2715) Reykjavik 2018}) 7. O-O Bg7 8. a4 b4 9. e5 bxc3 $146 ({Predecessor:} 9... Nd5 10. Ne4 c3 11. Bc4 cxb2 12. Bxb2 a5 13. Re1 O-O {1-0 (37) Pert,R (2423)-Aradhya,G (2231) London 2016}) 10. exf6 Bxf6 11. bxc3 O-O 12. Ba3 Be6 13. Nd2 {[%cal Bf3d2,Bd2c4,Bc4e3][%mdl 32]} Nd7 14. Nxc4 Qc7 15. Re1 Rfd8 16. Ne3 Rab8 17. Bd3 ({White should play} 17. Rb1 $11) 17... Nb6 (17... c5 $15) 18. Rc1 $11 a5 19. Bc5 Nd7 20. Ba3 Nb6 {The position is equal.} 21. Bc5 Nd7 22. Ba3 Nb6 23. Bc5 {Accuracy: White = 49%, Black = 38%.} 1/2-1/2

[Event "XXX Torre Memorial 2018"]
[Site "Merida"]
[Date "2018.12.16"]
[Round "5"]
[White "Baryshpolets, Andrey"]
[Black "Shtembuliak, Evgeny"]
[Result "1-0"]
[WhiteElo "2578"]
[BlackElo "2501"]
[Annotator "TA"]
[PlyCount "83"]
[EventDate "2018.12.15"]
[EventType "swiss"]
[EventCountry "MEX"]
[SourceTitle "playchess.com"]
[Source "ChessBase"]
[SourceQuality "1"]

{[%evp 16,83,15,15,28,0,34,39,44,42,37,44,65,39,52,14,30,19,35,13,25,30,51,41,56,55,41,42,54,49,119,122,124,119,119,123,205,176,264,183,395,397,382,399,389,388,386,379,638,617,600,351,522,518,518,511,499,471,586,514,29987,29988,29988,1207,1060,1033,884,647,636,627]} 1. d4 Nf6 2. c4 e6 3. Nf3 b6 4. a3 Bb7 5. Nc3 Ne4 6. Nxe4 Bxe4 7. Bf4 d6 {E12: Queen's Indian: Unusual White 4th moves, 4 a3, 4 Nc3 Bb7 5 a3 and 4 Nc3 Bb7} (7... Be7 8. Nd2 Bb7 9. e4 Bg5 10. Qg4 Bxf4 11. Qxf4 O-O 12. Bd3 d6 13. O-O e5 14. Qe3 exd4 15. Qxd4 {½-½ (29) Lupulescu,C (2619)-Nihal,S (2556) Abu Dhabi 2018}) 8. e3 Nd7 9. Bd3 {LiveBook: 3 Games} Bb7 {The position is equal.} 10. e4 h6 11. d5 $146 ({Predecessor:} 11. O-O g5 12. Be3 Bg7 13. h3 Qe7 14. Re1 c5 15. Qd2 cxd4 16. Bxd4 {½-½ (26) Reinecke,R (2074)-Goy,U (1987) GER email 2012}) 11... g5 12. Be3 Bg7 13. Nd4 Qe7 14. O-O Ne5 15. Be2 c5 $1 {[%cal Rc5d4]} 16. dxc6 Nxc6 17. Nb5 O-O 18. Qd2 Rad8 19. Rad1 Ne5 20. Nxa7 Bxe4 21. Nb5 $36 {[%mdl 2048] White fights for an advantage.} Qb7 22. f3 $1 {[%cal Rf3e4]} ({Much weaker is} 22. Nxd6 Rxd6 23. Qxd6 Bxg2 $15) 22... Bc6 (22... Bg6 $14) 23. Nxd6 $16 Qb8 24. Qb4 Nd7 25. Rd2 f5 (25... Bf6 $16 26. h3 Be7) 26. Rfd1 $18 g4 (26... Kh7 $142 27. Bf2 Kg6) 27. f4 e5 $2 (27... h5 28. a4 Bf6) 28. c5 bxc5 29. Bxc5 exf4 30. Bc4+ {[%cal Be2c4,Bc4f7,Bf7d5][%mdl 32]} Kh7 31. Nf7 Nxc5 $2 (31... Qxb4 32. Bxb4 Rb8 33. Rxd7 Bxd7) 32. Qxc5 (32. Rxd8 $2 {perishes.} Qa7 $19) 32... Rxf7 33. Bxf7 Rxd2 (33... Rf8 {was worth a try.} 34. Qxc6 Rxf7) 34. Qxf5+ Kh8 35. Rxd2 f3 36. Qc5 Be4 37. Bd5 Qe5 (37... Bf5 $18 38. Bxf3 Qf4 39. Rd8+ Kh7) 38. Qc8+ {[%mdl 64] [#] Double Attack} Kh7 39. Bg8+ (39. Qg8+ $142 Kg6 40. Bxe4+ Kg5 41. Rd5 Kf4 42. Rxe5 f2+ 43. Kf1 Kxe5 44. Qd5+ Kf6 45. Qd6+ Kf7 46. Bg6+ Kg8 47. Qe6+ {[%mdl 64] Double Attack} Kh8 48. Qe8+ Bf8 49. Qxf8#) 39... Kg6 {White is clearly winning.} 40. Qxg4+ {[%mdl 64] Double Attack} Kf6 41. Qh4+ Kg6 {[#] Threatens to win with ...Qc5+.} 42. Qg3+ {Accuracy: White = 79%, Black = 45%.} 1-0

[Event "XXX Torre Memorial 2018"]
[Site "Merida"]
[Date "2018.12.16"]
[Round "5"]
[White "Gonzalez Vidal, Yuri"]
[Black "Fernandez Guillen, Ernesto J."]
[Result "1-0"]
[WhiteElo "2553"]
[BlackElo "2401"]
[Annotator "TA"]
[PlyCount "85"]
[EventDate "2018.12.15"]
[EventType "swiss"]
[EventCountry "MEX"]
[SourceTitle "playchess.com"]
[Source "ChessBase"]
[SourceQuality "1"]

{[%evp 17,85,20,36,30,39,21,47,39,40,38,58,40,39,43,40,42,44,44,53,39,35,23,44,44,43,43,58,50,59,22,50,15,43,43,58,58,97,94,100,111,172,153,164,115,106,93,104,111,157,30,216,190,172,214,327,327,327,320,286,217,330,237,243,219,190,176,29973,29973,29973,29974]} 1. e4 e5 2. Nf3 Nc6 3. Bc4 Bc5 4. O-O Nf6 5. d3 O-O 6. Re1 h6 7. c3 d6 8. Nbd2 Bb6 9. Bb3 Be6 {LiveBook: 7 Games} 10. Bxe6 $146 {C54: Giuoco Piano: 4 c3 Nf6, main lines with 5 d4 and 5 d3} ({Predecessor:} 10. h3 Bxb3 11. Qxb3 Qd7 12. Nc4 Na5 13. Nxb6 axb6 14. Qc2 Rfe8 15. d4 exd4 16. Nxd4 Nc6 17. Bf4 Nxd4 18. cxd4 {0-1 (80) Fedorov,A (2569)-Malakhov,V (2717) Riga 2014}) 10... fxe6 11. Nc4 Nd7 12. b4 {[%cal Bb2b4,Bb4b5][%mdl 32] White is slightly better.} Qf6 13. a4 {Threatens to win with a5.} a5 14. Nxb6 Nxb6 15. b5 Ne7 16. Be3 Nd7 17. d4 b6 18. Ra2 Ng6 19. Kh1 Rf7 20. Ng1 {[%cal Bf3g1,Bg1e2,Be2c1,Bc1d3][%mdl 32]} Raf8 21. f3 Ne7 22. Rf2 g5 23. Qd2 Qg6 24. h3 Kh7 25. Ne2 Ng8 26. Nc1 Ngf6 27. Nd3 Rg7 28. dxe5 dxe5 (28... Nxe5 $16 {was worth a try.} 29. Nxe5 dxe5) 29. c4 $1 $18 h5 30. Qb2 g4 {And now ...gxh3 would win.} 31. Nxe5 Nxe5 32. Qxe5 gxf3 {[#]} 33. gxf3 ({Only move:} 33. Bd4 $1 $16) 33... Qg3 $2 {[#]} (33... Nd7 $11 {and Black has nothing to worry.} 34. Qh2 Qf6) 34. Qxg3 $1 ({Inferior is} 34. Qxe6 Ng8 $11) 34... Rxg3 35. Bf4 Rxh3+ (35... Rg7 {is a better defense.} 36. Rg2 Nd7 37. Rxg7+ (37. Bxc7 Rc8 $16) 37... Kxg7 38. Rg1+ (38. Bxc7 Rc8 $14) 38... Kf6) 36. Kg2 Rh4 37. Bxc7 {Strongly threatening Kg3.} Rg8+ 38. Bg3 Nxe4 (38... Nd7 $142 39. Rd2 Nc5) 39. Rxe4 Rxe4 40. fxe4 h4 41. Rf7+ Kh8 $2 {[#]} (41... Kh6 $18) 42. c5 $1 Rxg3+ (42... bxc5 43. b6) 43. Kh2 {Accuracy: White = 67%, Black = 24%.} 1-0

[Event "XXX Torre Memorial 2018"]
[Site "Merida"]
[Date "2018.12.16"]
[Round "5"]
[White "Theodorou, Nikolas"]
[Black "Albornoz Cabrera, Carlos Daniel"]
[Result "0-1"]
[WhiteElo "2546"]
[BlackElo "2559"]
[Annotator "TA"]
[PlyCount "60"]
[EventDate "2018.12.15"]
[EventType "swiss"]
[EventCountry "MEX"]
[SourceTitle "playchess.com"]
[Source "ChessBase"]
[SourceQuality "1"]

{[%evp 10,60,32,8,39,-9,-16,-14,-11,0,0,-20,-6,-20,-35,-54,-45,-41,-26,-43,-28,-144,-132,-118,-75,-95,-100,-85,-88,-85,11,-117,-111,-120,-116,-229,-209,-350,-360,-356,-339,-260,-267,-657,-493,-494,-504,-500,-496,-492,-493,-462,-455]} 1. e4 c5 2. Nf3 d6 3. d4 cxd4 4. Nxd4 Nf6 5. Nc3 a6 6. h4 {[%cal Bh2h4,Bh4h5,Bh5h6][%mdl 32] LiveBook: 99 Games. B90: Sicilian Najdorf: Unusual White 6th moves, 6 Be3 Ng4 and 6 Be3 e5} (6. Bg5 e6 7. f4 Qb6 8. Nb3 Nbd7 9. Qe2 Qc7 10. O-O-O b5 11. a3 Be7 12. g4 h6 13. Bh4 Rb8 14. Be1 g5 15. f5 Ne5 16. h4 Nfxg4 17. hxg5 Bxg5+ 18. Bd2 {1-0 (64) Grischuk,A (2769)-Vachier Lagrave,M (2780) Douglas 2018}) 6... e6 7. h5 $146 ({Predecessor:} 7. g4 h6 8. Bg2 Nfd7 9. Be3 Be7 10. g5 Ne5 11. gxh6 gxh6 12. Qe2 b5 13. O-O-O Bb7 14. Qh5 Qd7 15. Bh3 {1-0 (15) Baron,T (2528)-Menezes,C (2404) Karlsruhe 2017}) 7... b5 8. a3 {The position is equal.} Bb7 9. h6 g6 10. Bd3 Be7 11. Be3 Nbd7 12. O-O Ne5 13. Nf3 O-O 14. Nxe5 dxe5 15. f4 (15. Qf3 $11) 15... exf4 $17 16. Rxf4 e5 17. Rf1 Qd7 18. Bg5 Nh5 19. Be3 Nf4 (19... Rad8 $17 20. a4 b4) 20. Ne2 (20. Bxb5 $1 $11 Qxd1 21. Raxd1 (21. Rfxd1 axb5 22. Rd7 {[%mdl 64] Double Attack} Bb4 $17)) 20... Nxd3 21. Qxd3 Qe6 22. Ng3 (22. Nc3 $17) 22... Rad8 $19 23. Qe2 (23. Qc3 $142) 23... f5 24. exf5 gxf5 25. Rae1 Qg6 ({Inferior is} 25... f4 26. Bxf4 Qb6+ 27. Be3 $11) 26. Bf4 $2 {[#]} (26. Bf2 Bd6 27. Qh5) 26... Bc5+ {Black is clearly winning.} 27. Be3 Bd6 28. Rxf5 Rxf5 29. Nxf5 Qxf5 30. Rf1 Qg6 {Accuracy: White = 33%, Black = 60%.} 0-1